000 00330nam a22001337a 4500
005 20250901165817.0
008 250402b |||||||| |||| 00| 0 eng d
020 _a9789966229885
050 _aPL 8704 .G36 2014
245 _aKILELE KIITWACHO UHURU
_cGAOLUBUA FILIPO
260 _aNAIROBI
_bJKF
_c2014
300 _a258
942 _2lcc
999 _c9523
_d9523